| 000 | 00510nam a2200157 i 4500 | ||
|---|---|---|---|
| 001 | 69922 | ||
| 003 | ES-MaACL | ||
| 005 | 20230906170648.0 | ||
| 007 | t| | ||
| 008 | 040713s1956 sp ||||1| spa d | ||
| 100 | 1 |
_aGarcía Lozano, Faustino. _954863 |
|
| 245 | 1 | 0 |
_aMaquinaria agrícola _b: descripción, rendimiento / _cpor Faustino García Lozano. |
| 260 |
_aMadrid : _bDossat, _c1956 ( _fNuevas Gráficas) |
||
| 300 |
_aXV, 287 p., 2 lám. : _bgráf., il. ; _c25 cm. |
||
| 852 |
_aES-MaACL _jC-11226 _bR.38632 |
||
| 999 |
_c69922 _d69922 |
||